00481 2200193 4500245004800000020002200048250001100070100001600081700001600097700001800113650001700131005001900148260004100167041001400208084001300222300003200235336000900267338001100276 aHere is Greenwood Vol. 6cNasu, YukiehText a978-979-27-2501-8 aCet. 1 aNasu, Yukie aNia Ikasary aTorana Astrid aKomik Jepang a20230131075830 aJakartabElex Media Komputindoc2012 aIndonesia a741.5592 a... jil. :bilus. ;c17 cm. atext avolume